The Logic of collective action (Record no. 125152)
[ view plain ]
| 000 -LEADER | |
|---|---|
| fixed length control field | 00465nam a22001457a 4500 |
| 008 - FIXED-LENGTH DATA ELEMENTS--GENERAL INFORMATION | |
| fixed length control field | 160830b xxu||||| |||| 00| 0 eng d |
| 050 ## - LIBRARY OF CONGRESS CALL NUMBER | |
| Classification number | HM131.O55 |
| 100 ## - MAIN ENTRY--PERSONAL NAME | |
| Personal name | Olson, Mancur |
| 9 (RLIN) | 25525 |
| 245 ## - TITLE STATEMENT | |
| Title | The Logic of collective action |
| Remainder of title | :public goods and the theory of groups |
| Statement of responsibility, etc | /Mancur Olson |
| 260 ## - PUBLICATION, DISTRIBUTION, ETC. (IMPRINT) | |
| Place of publication, distribution, etc | New York |
| Name of publisher, distributor, etc | Schocken Books |
| Date of publication, distribution, etc | 1968 |
| 300 ## - PHYSICAL DESCRIPTION | |
| Extent | x,176p.; |
| Dimensions | 20cm. |
| 650 ## - SUBJECT ADDED ENTRY--TOPICAL TERM | |
| Topical term or geographic name as entry element | Social groups |
| 9 (RLIN) | 25526 |
| 650 ## - SUBJECT ADDED ENTRY--TOPICAL TERM | |
| Topical term or geographic name as entry element | Social interaction |
| 9 (RLIN) | 16723 |
| 942 ## - ADDED ENTRY ELEMENTS (KOHA) | |
| Source of classification or shelving scheme | Library of Congress Classification |
| Item type | Monograph ( Printed materials) |
| Withdrawn status | Lost status | Source of classification or shelving scheme | Damaged status | Not for loan | Collection code | Home library | Current library | Shelving location | Date acquired | Total Checkouts | Full call number | Barcode | Date last seen | Price effective from | Koha item type |
|---|---|---|---|---|---|---|---|---|---|---|---|---|---|---|---|
| Library of Congress Classification | Main Collection | ARRUPE LIBRARY | ARRUPE LIBRARY | Main Collection | 30/08/2016 | HM131.O55 | 46500010276 | 30/04/2018 | 30/08/2016 | Monograph ( Printed materials) |